000 00719nam a22002172 4500
001 0000007099
005 20151217152022.0
008 071114s xx 000 0 eng d
020 _a0333982228 :
_cKES 3600
040 _aKABU
_cKABU
100 1 _aGardiner, Paul D.
_@0000158146
245 1 0 _aProject management :
_ba strategic planning approach /
_cPaul D. Gardiner.
260 _aBasingstoke, England :
_bPalgrave Macmillan,
_c2005.
300 _axiii, 322 p.
650 0 _aProject management.
_@0000148291
650 0 _aProject management
_xPlanning.
_@0000158147
908 _a071114
950 _@1
999 _c7393
_d7393